[Event "Greek Team Championship"]
[Site "chess24.com"]
[Date "2017.07.04"]
[Round "2"]
[White "Georgiev, Krum"]
[Black "Pavlidis, Antonios"]
[Result "0-1"]
[Board "4"]
[WhiteElo "2357"]
[WhiteTitle "GM"]
[WhiteCountry "BUL"]
[WhiteFideId "2900092"]
[WhiteEloChange "-5"]
[BlackElo "2540"]
[BlackTitle "GM"]
[BlackCountry "GRE"]
[BlackFideId "4212312"]
[BlackEloChange "3"]

1. e4 {[%clk 1:30:30]} c5 {[%clk 1:29:49]} 2. Nf3 {[%clk 1:31:16]} e6 {[%clk
1:30:06]} 3. g3 {[%clk 1:29:58]} Nc6 {[%clk 1:30:27]} 4. Bg2 {[%clk 1:30:19]} Nf6
{[%clk 1:30:40]} 5. Nc3 {[%clk 1:29:11]} d5 {[%clk 1:09:06]} 6. exd5 {[%clk
1:28:22]} Nxd5 {[%clk 1:09:11]} 7. O-O {[%clk 1:25:40]} Be7 {[%clk 1:09:26]} 8.
d4 {[%clk 1:08:29]} Nxc3 {[%clk 1:07:38]} 9. bxc3 {[%clk 1:08:08]} O-O {[%clk
1:08:04]} 10. Re1 {[%clk 1:03:16]} Qa5 {[%clk 1:05:13]} 11. Qd3 {[%clk 1:01:21]}
cxd4 {[%clk 0:38:20]} 12. cxd4 {[%clk 1:01:35]} Rd8 {[%clk 0:38:48]} 13. Bd2
{[%clk 0:53:15]} Qa3 {[%clk 0:39:09]} 14. c3 {[%clk 0:39:17]} h6 {[%clk 0:39:26]}
15. Qe4 {[%clk 0:36:06]} Bf6 {[%clk 0:37:41]} 16. h4 {[%clk 0:35:48]} Bd7 {[%clk
0:35:16]} 17. g4 {[%clk 0:32:02]} Be7 {[%clk 0:32:52]} 18. g5 {[%clk 0:31:47]}
hxg5 {[%clk 0:32:06]} 19. hxg5 {[%clk 0:31:34]} g6 {[%clk 0:31:57]} 20. Qh4
{[%clk 0:22:46]} Bf8 {[%clk 0:30:42]} 21. Rab1 {[%clk 0:12:15]} Qxa2 {[%clk
0:28:59]} 22. Bf4 {[%clk 0:10:20]} Bg7 {[%clk 0:18:10]} 23. Rxb7 {[%clk 0:10:41]}
Qa6 {[%clk 0:17:47]} 24. Rc7 {[%clk 0:06:03]} Rac8 {[%clk 0:17:30]} 25. Rxc8
{[%clk 0:06:15]} Rxc8 {[%clk 0:16:50]} 26. Nd2 {[%clk 0:06:16]} Ne7 {[%clk
0:14:29]} 27. Ne4 {[%clk 0:06:37]} Bc6 {[%clk 0:14:28]} 28. Nd6 {[%clk 0:03:27]}
Rd8 {[%clk 0:11:18]} 29. Rb1 {[%clk 0:01:37]} Bxg2 {[%clk 0:11:15]} 30. Kxg2
{[%clk 0:02:05]} Qc6+ {[%clk 0:10:36]} 31. Kg1 {[%clk 0:02:15]} Qxc3 {[%clk
0:09:55]} 32. Rb7 {[%clk 0:01:21]} Nf5 {[%clk 0:09:45]} 33. Nxf5 {[%clk 0:01:45]}
exf5 {[%clk 0:10:12]} 34. Be3 {[%clk 0:01:23]} a5 {[%clk 0:09:32]} 35. d5 {[%clk
0:00:58]} Qd3 {[%clk 0:09:19]} 36. Qa4 {[%clk 0:01:14]} Qxd5 {[%clk 0:09:30]} 37.
Ra7 {[%clk 0:01:35]} Qf3 {[%clk 0:06:28]} 38. Rd7 {[%clk 0:01:29]} Rxd7 {[%clk
0:06:55]} 39. Qxd7 {[%clk 0:01:54]} Qg4+ {[%clk 0:07:15]} 40. Kh1 {[%clk
0:31:36]} Qe4+ {[%clk 0:37:20]} 41. Kg1 {[%clk 0:31:34]} Qg4+ {[%clk 0:35:50]}
42. Kh1 {[%clk 0:32:21]} Qh4+ {[%clk 0:31:29]} 43. Kg1 {[%clk 0:32:36]} f4 {[%clk
0:31:32]} 44. Qd8+ {[%clk 0:31:37]} Kh7 {[%clk 0:31:56]} 0-1

[Event "Greek Team Championship"]
[Site "chess24.com"]
[Date "2017.07.04"]
[Round "2"]
[White "Botsari, Anna-Maria"]
[Black "Iordanidou, Zoi"]
[Result "1/2-1/2"]
[Board "5"]
[WhiteElo "2314"]
[WhiteTitle "WGM"]
[WhiteCountry "GRE"]
[WhiteFideId "4200446"]
[WhiteEloChange "-6"]
[BlackElo "2069"]
[BlackCountry "GRE"]
[BlackFideId "4209192"]
[BlackEloChange "6"]

1. d4 {[%clk 1:30:56]} d5 {[%clk 1:29:51]} 2. c4 {[%clk 1:31:19]} e6 {[%clk
1:30:14]} 3. Nf3 {[%clk 1:30:51]} c6 {[%clk 1:29:20]} 4. Nbd2 {[%clk 1:27:48]} f5
{[%clk 1:24:14]} 5. g3 {[%clk 1:23:36]} Bd6 {[%clk 1:22:35]} 6. Bg2 {[%clk
1:24:02]} Nf6 {[%clk 1:22:58]} 7. O-O {[%clk 1:24:27]} O-O {[%clk 1:23:16]} 8. b3
{[%clk 1:21:36]} Nbd7 {[%clk 1:20:35]} 9. Bb2 {[%clk 1:21:56]} Qe8 {[%clk
1:14:06]} 10. Ne5 {[%clk 1:20:30]} Qh5 {[%clk 1:08:16]} 11. e3 {[%clk 1:18:43]}
Qh6 {[%clk 1:05:46]} 12. Qe2 {[%clk 1:10:55]} Rd8 {[%clk 0:54:42]} 13. Ndf3
{[%clk 1:06:45]} Nf8 {[%clk 0:54:25]} 14. Nd3 {[%clk 1:00:54]} Bd7 {[%clk
0:31:38]} 15. Nfe5 {[%clk 1:00:52]} Be8 {[%clk 0:31:53]} 16. f3 {[%clk 1:00:39]}
Bh5 {[%clk 0:27:45]} 17. Bc1 {[%clk 0:36:00]} g5 {[%clk 0:23:06]} 18. Qf2 {[%clk
0:31:15]} Qg7 {[%clk 0:21:48]} 19. h3 {[%clk 0:27:21]} h6 {[%clk 0:17:32]} 20.
Bb2 {[%clk 0:26:29]} Be8 {[%clk 0:08:26]} 21. Rae1 {[%clk 0:22:52]} Ng6 {[%clk
0:04:13]} 22. e4 {[%clk 0:14:59]} dxe4 {[%clk 0:03:21]} 23. fxe4 {[%clk 0:15:22]}
Bxe5 {[%clk 0:03:37]} 24. exf5 {[%clk 0:10:25]} Bxg3 {[%clk 0:03:37]} 25. Qxg3
{[%clk 0:10:50]} exf5 {[%clk 0:03:51]} 26. Rxf5 {[%clk 0:10:45]} Bd7 {[%clk
0:01:15]} 27. Rf2 {[%clk 0:09:06]} Nh5 {[%clk 0:01:09]} 28. Qf3 {[%clk 0:06:21]}
Nhf4 {[%clk 0:01:17]} 29. d5 {[%clk 0:05:20]} Qh7 {[%clk 0:01:34]} 30. Nxf4
{[%clk 0:04:33]} Nxf4 {[%clk 0:01:58]} 31. Qc3 {[%clk 0:02:57]} Re8 {[%clk
0:02:10]} 32. Rxe8+ {[%clk 0:02:18]} Rxe8 {[%clk 0:02:35]} 33. Bf1 {[%clk
0:03:17]} Bf5 {[%clk 0:01:22]} 34. dxc6 {[%clk 0:02:22]} bxc6 {[%clk 0:01:43]}
35. h4 {[%clk 0:02:18]} Be4 {[%clk 0:01:34]} 36. hxg5 {[%clk 0:02:37]} Rf8 {[%clk
0:00:42]} 37. Qg3 {[%clk 0:02:05]} hxg5 {[%clk 0:00:47]} 38. Qxg5+ {[%clk
0:02:27]} Qg6 {[%clk 0:01:12]} 39. Qxg6+ {[%clk 0:02:37]} Nxg6 {[%clk 0:01:08]}
40. Rxf8+ {[%clk 0:32:01]} Kxf8 {[%clk 0:31:31]} 41. Kf2 {[%clk 0:29:56]} Bb1
{[%clk 0:24:26]} 42. a3 {[%clk 0:29:34]} a5 {[%clk 0:16:11]} 43. Ke3 {[%clk
0:21:47]} Ba2 {[%clk 0:11:44]} 44. b4 {[%clk 0:20:15]} axb4 {[%clk 0:12:05]} 45.
axb4 {[%clk 0:20:41]} Ke7 {[%clk 0:11:06]} 46. Bd3 {[%clk 0:20:58]} Nf8 {[%clk
0:11:30]} 47. Kd4 {[%clk 0:18:53]} Nd7 {[%clk 0:08:27]} 48. Bc1 {[%clk 0:18:33]}
Ke6 {[%clk 0:07:29]} 49. Bf4 {[%clk 0:18:28]} Bb3 {[%clk 0:06:55]} 50. Bf1 {[%clk
0:16:29]} Bc2 {[%clk 0:03:03]} 51. Bg2 {[%clk 0:16:45]} Ba4 {[%clk 0:03:27]} 52.
Bh3+ {[%clk 0:17:12]} Ke7 {[%clk 0:03:52]} 53. Bc7 {[%clk 0:14:45]} Nf6 {[%clk
0:02:22]} 54. Bf5 {[%clk 0:11:55]} Nd7 {[%clk 0:01:54]} 55. Kc3 {[%clk 0:11:19]}
Nf6 {[%clk 0:01:07]} 56. Bg3 {[%clk 0:09:56]} Ne8 {[%clk 0:00:38]} 57. Kd4 {[%clk
0:08:39]} Nd6 {[%clk 0:00:47]} 58. Bg4 {[%clk 0:07:07]} Bb3 {[%clk 0:00:51]} 59.
Bh4+ {[%clk 0:06:37]} Ke8 {[%clk 0:01:15]} 60. c5 {[%clk 0:04:05]} Nb5+ {[%clk
0:01:16]} 61. Ke5 {[%clk 0:04:31]} Bd5 {[%clk 0:01:02]} 62. Bf5 {[%clk 0:02:01]}
Nc7 {[%clk 0:00:50]} 63. Bg5 {[%clk 0:01:44]} Bf3 {[%clk 0:00:49]} 64. Bd3 {[%clk
0:01:20]} Kd7 {[%clk 0:00:59]} 65. Bf5+ {[%clk 0:01:43]} Ke8 {[%clk 0:01:22]} 66.
Bh4 {[%clk 0:01:44]} Bg2 {[%clk 0:01:07]} 67. Bc8 {[%clk 0:01:09]} Bf3 {[%clk
0:00:59]} 68. Bh3 {[%clk 0:00:49]} Bd5 {[%clk 0:01:03]} 69. Bf1 {[%clk 0:01:12]}
Bf3 {[%clk 0:01:20]} 70. Bd3 {[%clk 0:00:56]} Kd7 {[%clk 0:01:19]} 71. Bg3 {[%clk
0:01:08]} Bg2 {[%clk 0:00:55]} 72. Kd4 {[%clk 0:01:13]} Bf3 {[%clk 0:01:01]} 73.
Bf5+ {[%clk 0:01:37]} Kd8 {[%clk 0:01:26]} 74. Bh4+ {[%clk 0:01:17]} Ke8 {[%clk
0:01:54]} 75. Kc4 {[%clk 0:01:40]} Bd5+ {[%clk 0:02:16]} 76. Kd4 {[%clk 0:01:55]}
Nb5+ {[%clk 0:02:18]} 77. Ke5 {[%clk 0:02:18]} Nc7 {[%clk 0:02:36]} 78. Bg3
{[%clk 0:02:18]} Bf3 {[%clk 0:02:45]} 79. Kd4 {[%clk 0:02:36]} Nb5+ {[%clk
0:02:51]} 80. Ke3 {[%clk 0:02:39]} Bd5 {[%clk 0:03:00]} 81. Bh4 {[%clk 0:02:54]}
Nc7 {[%clk 0:03:07]} 82. Kd3 {[%clk 0:03:12]} Bf3 {[%clk 0:03:08]} 83. Kc4 {[%clk
0:01:45]} Bd5+ {[%clk 0:03:27]} 84. Kd4 {[%clk 0:02:11]} Nb5+ {[%clk 0:03:40]}
85. Kd3 {[%clk 0:02:29]} Nc7 {[%clk 0:03:38]} 86. Bg3 {[%clk 0:02:57]} Nb5 {[%clk
0:03:37]} 87. Bd6 {[%clk 0:03:16]} Kd8 {[%clk 0:02:56]} 88. Ke3 {[%clk 0:03:34]}
Nc3 {[%clk 0:03:07]} 89. Kd4 {[%clk 0:03:44]} Nb5+ {[%clk 0:02:57]} 90. Ke5
{[%clk 0:04:10]} Nc3 {[%clk 0:02:22]} 91. Bd3 {[%clk 0:04:01]} Bg2 {[%clk
0:02:26]} 92. Ke6 {[%clk 0:04:17]} Bd5+ {[%clk 0:02:13]} 93. Kf6 {[%clk 0:03:27]}
Bf3 {[%clk 0:02:25]} 94. Kf7 {[%clk 0:03:29]} Bd5+ {[%clk 0:02:05]} 95. Kf8
{[%clk 0:03:44]} Bf3 {[%clk 0:02:02]} 96. Bc4 {[%clk 0:02:36]} Be4 {[%clk
0:02:09]} 97. Be5 {[%clk 0:02:20]} Nb5 {[%clk 0:02:20]} 98. Be6 {[%clk 0:02:15]}
Bf3 {[%clk 0:01:57]} 99. Bf5 {[%clk 0:02:40]} Bg2 {[%clk 0:02:05]} 100. Bf6+
{[%clk 0:02:58]} Kc7 {[%clk 0:02:30]} 101. Ke7 {[%clk 0:03:22]} Bf3 {[%clk
0:02:32]} 102. Be5+ {[%clk 0:03:47]} Kb7 {[%clk 0:02:57]} 103. Kd8 {[%clk
0:03:28]} Na7 {[%clk 0:03:05]} 104. Bc7 {[%clk 0:03:17]} Bg2 {[%clk 0:03:12]}
105. Bb6 {[%clk 0:03:43]} Nb5 {[%clk 0:03:15]} 106. Bc8+ {[%clk 0:04:07]} Kb8
{[%clk 0:03:38]} 107. Bd7 {[%clk 0:02:22]} Bf3 {[%clk 0:03:27]} 108. Ke7 {[%clk
0:01:47]} Kb7 {[%clk 0:03:38]} 1/2-1/2

[Event "Greek Team Championship"]
[Site "chess24.com"]
[Date "2017.07.04"]
[Round "2"]
[White "Kokkota, Eleni"]
[Black "Kafetzi, Angeliki"]
[Result "0-1"]
[Board "6"]
[WhiteElo "1614"]
[WhiteCountry "GRE"]
[WhiteFideId "4258860"]
[WhiteEloChange "-5"]
[BlackElo "1793"]
[BlackCountry "GRE"]
[BlackFideId "4238419"]
[BlackEloChange "5"]

1. d4 {[%clk 1:30:56]} Nf6 {[%clk 1:30:51]} 2. c4 {[%clk 1:31:19]} e6 {[%clk
1:30:49]} 3. g3 {[%clk 1:31:41]} d5 {[%clk 1:27:15]} 4. Bg2 {[%clk 1:31:59]} Be7
{[%clk 1:24:15]} 5. Nf3 {[%clk 1:31:24]} O-O {[%clk 1:23:35]} 6. O-O {[%clk
1:30:55]} Nbd7 {[%clk 1:13:44]} 7. Qc2 {[%clk 1:28:09]} c5 {[%clk 1:08:47]} 8.
cxd5 {[%clk 1:22:11]} exd5 {[%clk 1:03:36]} 9. e3 {[%clk 1:08:34]} c4 {[%clk
1:03:36]} 10. Nc3 {[%clk 0:46:55]} Bb4 {[%clk 0:48:35]} 11. Nd2 {[%clk 0:42:00]}
Nb6 {[%clk 0:45:20]} 12. a3 {[%clk 0:12:47]} Bxc3 {[%clk 0:44:04]} 13. bxc3
{[%clk 0:11:44]} Re8 {[%clk 0:39:04]} 14. e4 {[%clk 0:11:01]} dxe4 {[%clk
0:34:14]} 15. Nxe4 {[%clk 0:11:26]} Nfd5 {[%clk 0:27:26]} 16. Nc5 {[%clk
0:05:08]} Qf6 {[%clk 0:17:25]} 17. Qb2 {[%clk 0:02:35]} Bg4 {[%clk 0:17:25]} 18.
Ne4 {[%clk 0:00:48]} Qg6 {[%clk 0:16:35]} 19. f3 {[%clk 0:00:37]} Bd7 {[%clk
0:14:19]} 20. Nc5 {[%clk 0:00:40]} Bc6 {[%clk 0:13:42]} 21. Ra2 {[%clk 0:00:45]}
Ne3 {[%clk 0:12:41]} 22. Bxe3 {[%clk 0:00:42]} Rxe3 {[%clk 0:12:54]} 23. Qd2
{[%clk 0:00:44]} Rae8 {[%clk 0:12:25]} 24. Ne4 {[%clk 0:00:37]} Nd5 {[%clk
0:10:36]} 25. Raa1 {[%clk 0:00:36]} f5 {[%clk 0:10:23]} 26. Nf2 {[%clk 0:00:32]}
Nxc3 {[%clk 0:08:11]} 27. Nd1 {[%clk 0:00:38]} Rd3 {[%clk 0:07:05]} 28. Qb2
{[%clk 0:00:33]} Re2 {[%clk 0:06:32]} 29. Qb4 {[%clk 0:00:31]} Rdd2 {[%clk
0:04:01]} 30. Nf2 {[%clk 0:00:32]} Nd5 {[%clk 0:03:17]} 31. Qxc4 {[%clk 0:00:31]}
b5 {[%clk 0:02:25]} 32. Qb3 {[%clk 0:00:31]} Rb2 {[%clk 0:02:29]} 33. Qd3 {[%clk
0:00:47]} Red2 {[%clk 0:02:34]} 34. Rad1 {[%clk 0:00:31]} Rxd3 {[%clk 0:02:46]}
35. Rxd3 {[%clk 0:00:52]} f4 {[%clk 0:02:40]} 36. Ne4 {[%clk 0:01:01]} Ne3 {[%clk
0:02:23]} 0-1

[Event "Greek Team Championship"]
[Site "chess24.com"]
[Date "2017.07.04"]
[Round "2"]
[White "Tsivelekidou, Evgenia"]
[Black "Anthopoulou, Ioanna"]
[Result "1-0"]
[Board "7"]
[WhiteElo "1847"]
[WhiteCountry "GRE"]
[WhiteFideId "4274830"]
[WhiteEloChange "2"]
[BlackElo "1333"]
[BlackCountry "GRE"]
[BlackFideId "4248040"]
[BlackEloChange "-2"]

1. d4 {[%clk 1:30:58]} d5 {[%clk 1:30:45]} 2. c4 {[%clk 1:31:05]} e6 {[%clk
1:30:56]} 3. Nf3 {[%clk 1:31:29]} c6 {[%clk 1:31:10]} 4. Qc2 {[%clk 1:31:47]} f5
{[%clk 1:30:20]} 5. g3 {[%clk 1:31:45]} Nf6 {[%clk 1:25:13]} 6. Bg2 {[%clk
1:31:17]} Bd6 {[%clk 1:20:49]} 7. O-O {[%clk 1:31:01]} O-O {[%clk 1:19:58]} 8. b3
{[%clk 1:30:54]} Qe7 {[%clk 1:17:16]} 9. Bb2 {[%clk 1:30:21]} Ne4 {[%clk
1:14:18]} 10. Qc1 {[%clk 1:28:14]} Nd7 {[%clk 1:06:49]} 11. Ba3 {[%clk 1:28:29]}
Bxa3 {[%clk 1:02:56]} 12. Nxa3 {[%clk 1:28:43]} Ndf6 {[%clk 0:59:08]} 13. Nc2
{[%clk 1:27:22]} Bd7 {[%clk 0:53:07]} 14. Nce1 {[%clk 1:26:15]} Rac8 {[%clk
0:49:19]} 15. c5 {[%clk 1:24:51]} Be8 {[%clk 0:42:41]} 16. Nd3 {[%clk 1:23:30]}
Bh5 {[%clk 0:31:55]} 17. Nde5 {[%clk 1:20:53]} Bxf3 {[%clk 0:28:18]} 18. exf3
{[%clk 1:20:34]} Nxc5 {[%clk 0:20:01]} 19. dxc5 {[%clk 1:18:48]} Rfd8 {[%clk
0:16:21]} 20. Re1 {[%clk 1:14:52]} Re8 {[%clk 0:09:44]} 21. Qe3 {[%clk 1:13:14]}
Rcd8 {[%clk 0:09:38]} 22. Qd4 {[%clk 1:12:58]} Rf8 {[%clk 0:08:32]} 23. Re2
{[%clk 1:10:05]} Ne8 {[%clk 0:08:17]} 24. Rae1 {[%clk 1:09:04]} Nc7 {[%clk
0:08:32]} 25. a4 {[%clk 1:07:43]} Rfe8 {[%clk 0:06:25]} 26. Bh3 {[%clk 1:06:56]}
Qf6 {[%clk 0:04:55]} 27. f4 {[%clk 1:04:43]} Rf8 {[%clk 0:02:18]} 28. Qb4 {[%clk
1:02:18]} 1-0

[Event "Greek Team Championship"]
[Site "chess24.com"]
[Date "2017.07.04"]
[Round "2"]
[White "Nikolaou, Spiridon"]
[Black "Tsolakidou, Stavroula"]
[Result "0-1"]
[Board "8"]
[WhiteElo "2231"]
[WhiteCountry "GRE"]
[WhiteFideId "4264398"]
[WhiteEloChange "-6"]
[BlackElo "2359"]
[BlackTitle "WGM"]
[BlackCountry "GRE"]
[BlackFideId "4264312"]
[BlackEloChange "6"]

1. d4 {[%clk 1:30:57]} Nf6 {[%clk 1:30:54]} 2. c4 {[%clk 1:31:22]} e6 {[%clk
1:31:19]} 3. Nf3 {[%clk 1:31:48]} c5 {[%clk 1:31:30]} 4. d5 {[%clk 1:32:10]} d6
{[%clk 1:31:50]} 5. Nc3 {[%clk 1:32:35]} exd5 {[%clk 1:32:14]} 6. cxd5 {[%clk
1:33:01]} g6 {[%clk 1:32:34]} 7. Bf4 {[%clk 1:33:18]} a6 {[%clk 1:32:12]} 8. a4
{[%clk 1:33:41]} Bg7 {[%clk 1:31:52]} 9. h3 {[%clk 1:30:29]} O-O {[%clk 1:27:01]}
10. e3 {[%clk 1:30:51]} Ne8 {[%clk 1:26:19]} 11. Be2 {[%clk 1:30:48]} Nd7 {[%clk
1:26:36]} 12. O-O {[%clk 1:29:42]} b6 {[%clk 1:25:45]} 13. Nd2 {[%clk 1:23:41]}
Ne5 {[%clk 1:19:45]} 14. Qc2 {[%clk 1:20:40]} Rb8 {[%clk 1:09:08]} 15. Bg3 {[%clk
1:15:21]} f5 {[%clk 1:07:37]} 16. f4 {[%clk 1:00:56]} Nf7 {[%clk 1:07:03]} 17.
Rab1 {[%clk 0:44:46]} Nc7 {[%clk 1:04:30]} 18. Bf3 {[%clk 0:40:54]} Bb7 {[%clk
0:50:51]} 19. Rfd1 {[%clk 0:34:35]} b5 {[%clk 0:30:06]} 20. axb5 {[%clk 0:30:55]}
axb5 {[%clk 0:30:24]} 21. Nb3 {[%clk 0:22:48]} Qe8 {[%clk 0:18:51]} 22. Bf2
{[%clk 0:21:40]} Ra8 {[%clk 0:18:39]} 23. g4 {[%clk 0:11:52]} b4 {[%clk 0:11:02]}
24. Ne2 {[%clk 0:12:02]} fxg4 {[%clk 0:07:10]} 25. hxg4 {[%clk 0:12:28]} Qd7
{[%clk 0:05:15]} 26. Kg2 {[%clk 0:06:34]} Nh6 {[%clk 0:04:07]} 27. g5 {[%clk
0:04:50]} Ng4 {[%clk 0:04:11]} 28. Ng3 {[%clk 0:04:29]} Rae8 {[%clk 0:03:57]} 29.
Qd2 {[%clk 0:04:05]} Ne5 {[%clk 0:01:11]} 30. fxe5 {[%clk 0:02:38]} Rxf3 {[%clk
0:01:37]} 31. Kxf3 {[%clk 0:03:07]} Bxd5+ {[%clk 0:01:59]} 32. e4 {[%clk
0:03:23]} Bxb3 {[%clk 0:02:12]} 33. Rh1 {[%clk 0:02:25]} Bxe5 {[%clk 0:02:28]}
34. Rh4 {[%clk 0:01:01]} Rf8+ {[%clk 0:02:24]} 35. Kg2 {[%clk 0:01:25]} Qf7
{[%clk 0:02:47]} 36. Rg1 {[%clk 0:00:35]} Qf3+ {[%clk 0:02:43]} 37. Kf1 {[%clk
0:00:39]} Bxg3 {[%clk 0:02:54]} 38. Rxg3 {[%clk 0:00:38]} Qxg3 {[%clk 0:03:15]}
39. Ke1 {[%clk 0:00:41]} Qf3 {[%clk 0:03:15]} 0-1

[Event "Greek Team Championship"]
[Site "chess24.com"]
[Date "2017.07.04"]
[Round "2"]
[White "Ioannidis, Evgenios"]
[Black "Michaelides, Konstantinos"]
[Result "1/2-1/2"]
[Board "9"]
[WhiteElo "2388"]
[WhiteTitle "FM"]
[WhiteCountry "GRE"]
[WhiteFideId "4229274"]
[WhiteEloChange "-8"]
[BlackElo "2046"]
[BlackTitle "CM"]
[BlackCountry "CYP"]
[BlackFideId "5901871"]
[BlackEloChange "8"]

1. e4 {[%clk 1:30:51]} e6 {[%clk 1:30:52]} 2. d4 {[%clk 1:31:13]} d5 {[%clk
1:31:17]} 3. Nd2 {[%clk 1:31:36]} Nf6 {[%clk 1:31:11]} 4. e5 {[%clk 1:31:59]}
Nfd7 {[%clk 1:31:36]} 5. Bd3 {[%clk 1:32:19]} c5 {[%clk 1:32:01]} 6. c3 {[%clk
1:32:46]} Nc6 {[%clk 1:32:28]} 7. Ne2 {[%clk 1:33:05]} cxd4 {[%clk 1:32:52]} 8.
cxd4 {[%clk 1:33:29]} f6 {[%clk 1:33:18]} 9. exf6 {[%clk 1:33:21]} Nxf6 {[%clk
1:33:42]} 10. O-O {[%clk 1:33:07]} Bd6 {[%clk 1:33:59]} 11. Nf3 {[%clk 1:32:41]}
O-O {[%clk 1:32:47]} 12. Bf4 {[%clk 1:30:45]} Bxf4 {[%clk 1:22:07]} 13. Nxf4
{[%clk 1:31:07]} Qd6 {[%clk 1:22:18]} 14. g3 {[%clk 1:21:05]} e5 {[%clk 1:17:08]}
15. dxe5 {[%clk 1:19:55]} Nxe5 {[%clk 1:17:31]} 16. Nxe5 {[%clk 1:18:01]} Qxe5
{[%clk 1:17:57]} 17. Qb3 {[%clk 1:17:18]} Kh8 {[%clk 1:07:32]} 18. Qb4 {[%clk
1:10:35]} Rd8 {[%clk 0:57:40]} 19. Rfe1 {[%clk 1:02:58]} Qd6 {[%clk 0:56:32]} 20.
Qd4 {[%clk 0:45:10]} Qb6 {[%clk 0:47:47]} 21. Qxb6 {[%clk 0:30:24]} axb6 {[%clk
0:48:11]} 22. Ne6 {[%clk 0:30:37]} Bxe6 {[%clk 0:38:59]} 23. Rxe6 {[%clk
0:31:03]} Nd7 {[%clk 0:39:08]} 24. Bb5 {[%clk 0:14:35]} Kg8 {[%clk 0:28:00]} 25.
Rd1 {[%clk 0:08:03]} Nc5 {[%clk 0:22:28]} 26. Rxb6 {[%clk 0:08:28]} d4 {[%clk
0:22:39]} 27. f3 {[%clk 0:02:43]} Kf8 {[%clk 0:16:58]} 28. Bc4 {[%clk 0:02:33]}
d3 {[%clk 0:15:50]} 29. Rd2 {[%clk 0:01:36]} Rd4 {[%clk 0:15:06]} 30. b3 {[%clk
0:02:03]} Re8 {[%clk 0:10:50]} 31. Kf2 {[%clk 0:02:29]} g5 {[%clk 0:06:48]} 32.
Rb5 {[%clk 0:01:14]} Re5 {[%clk 0:06:05]} 33. g4 {[%clk 0:01:40]} Ke7 {[%clk
0:05:45]} 34. h3 {[%clk 0:02:07]} Kd7 {[%clk 0:04:42]} 35. Rb6 {[%clk 0:02:33]}
Kc7 {[%clk 0:04:35]} 36. Rh6 {[%clk 0:02:52]} Rf4 {[%clk 0:04:09]} 37. Rxh7+
{[%clk 0:02:58]} Kb6 {[%clk 0:04:23]} 38. Kg2 {[%clk 0:02:58]} Re3 {[%clk
0:02:45]} 39. Rh6+ {[%clk 0:01:41]} Ka5 {[%clk 0:01:24]} 40. a3 {[%clk 0:31:40]}
b5 {[%clk 0:30:32]} 41. b4+ {[%clk 0:27:27]} Ka4 {[%clk 0:30:48]} 42. Ba2 {[%clk
0:26:56]} Kxa3 {[%clk 0:14:43]} 43. bxc5 {[%clk 0:27:13]} Kb4 {[%clk 0:13:50]}
44. c6 {[%clk 0:15:15]} Kc3 {[%clk 0:13:31]} 45. c7 {[%clk 0:14:58]} Kxd2 {[%clk
0:13:28]} 46. c8Q {[%clk 0:15:19]} Re2+ {[%clk 0:13:49]} 47. Kg3 {[%clk 0:15:09]}
Rxf3+ {[%clk 0:14:13]} 48. Kxf3 {[%clk 0:15:33]} Re3+ {[%clk 0:14:39]} 1/2-1/2

[Event "Greek Team Championship"]
[Site "chess24.com"]
[Date "2017.07.04"]
[Round "2"]
[White "Vlachos, Georgios 46448"]
[Black "Kalamoukos, Grigorios"]
[Result "1-0"]
[Board "10"]
[WhiteElo "1363"]
[WhiteCountry "GRE"]
[WhiteFideId "25851128"]
[WhiteEloChange "9"]
[BlackElo "1331"]
[BlackCountry "GRE"]
[BlackFideId "4298020"]
[BlackEloChange "-9"]

1. e4 {[%clk 1:30:35]} c6 {[%clk 1:30:53]} 2. d4 {[%clk 1:30:54]} d5 {[%clk
1:31:15]} 3. e5 {[%clk 1:31:10]} Bf5 {[%clk 1:31:28]} 4. Be3 {[%clk 1:31:23]} e6
{[%clk 1:31:25]} 5. Nd2 {[%clk 1:31:33]} Nd7 {[%clk 1:31:04]} 6. Ngf3 {[%clk
1:31:40]} Ne7 {[%clk 1:30:23]} 7. Be2 {[%clk 1:31:44]} Bg6 {[%clk 1:29:06]} 8.
Nh4 {[%clk 1:26:41]} Nf5 {[%clk 1:26:35]} 9. Nxf5 {[%clk 1:14:28]} Bxf5 {[%clk
1:24:08]} 10. O-O {[%clk 1:13:47]} h6 {[%clk 1:11:19]} 11. f4 {[%clk 1:06:13]} h5
{[%clk 1:03:32]} 12. Nf3 {[%clk 1:03:58]} Bg4 {[%clk 0:56:53]} 13. Ng5 {[%clk
0:52:28]} Bxe2 {[%clk 0:55:45]} 14. Qxe2 {[%clk 0:49:24]} g6 {[%clk 0:53:02]} 15.
Qd3 {[%clk 0:29:17]} Be7 {[%clk 0:40:13]} 16. Nxe6 {[%clk 0:23:21]} Qb6 {[%clk
0:36:17]} 17. Ng5 {[%clk 0:21:29]} Bxg5 {[%clk 0:30:13]} 18. fxg5 {[%clk
0:19:41]} Nf8 {[%clk 0:28:28]} 19. Rf6 {[%clk 0:13:01]} Rh7 {[%clk 0:23:33]} 20.
Raf1 {[%clk 0:11:08]} Qc7 {[%clk 0:22:06]} 21. e6 {[%clk 0:07:33]} Qe7 {[%clk
0:11:02]} 22. exf7+ {[%clk 0:03:53]} Kd8 {[%clk 0:09:29]} 23. Bd2 {[%clk
0:03:40]} Rg7 {[%clk 0:08:40]} 24. Re1 {[%clk 0:03:44]} Qd7 {[%clk 0:07:54]} 25.
Re8+ {[%clk 0:03:37]} Qxe8 {[%clk 0:08:07]} 26. fxe8Q+ {[%clk 0:03:44]} Kxe8
{[%clk 0:08:23]} 27. Bb4 {[%clk 0:03:31]} Nd7 {[%clk 0:05:47]} 28. Rxg6 {[%clk
0:03:28]} 1-0

[Event "Greek Team Championship"]
[Site "chess24.com"]
[Date "2017.07.04"]
[Round "2"]
[White "Georgiev, Kiril"]
[Black "Mastrovasilis, Dimitrios"]
[Result "1/2-1/2"]
[Board "1"]
[WhiteElo "2640"]
[WhiteTitle "GM"]
[WhiteCountry "BUL"]
[WhiteFideId "2900017"]
[WhiteEloChange "-1"]
[BlackElo "2580"]
[BlackTitle "GM"]
[BlackCountry "GRE"]
[BlackFideId "4202694"]
[BlackEloChange "1"]

1. d4 {[%clk 1:30:19]} d5 {[%clk 1:28:58]} 2. c4 {[%clk 1:30:34]} c6 {[%clk
1:29:19]} 3. cxd5 {[%clk 1:28:58]} cxd5 {[%clk 1:29:40]} 4. Bf4 {[%clk 1:29:22]}
Nc6 {[%clk 1:29:52]} 5. e3 {[%clk 1:29:37]} Nf6 {[%clk 1:30:05]} 6. Nc3 {[%clk
1:29:58]} Bg4 {[%clk 1:30:15]} 7. Qb3 {[%clk 1:29:46]} Na5 {[%clk 1:30:21]} 8.
Qa4+ {[%clk 1:29:30]} Bd7 {[%clk 1:30:40]} 9. Qc2 {[%clk 1:29:53]} e6 {[%clk
1:30:40]} 10. Nf3 {[%clk 1:28:35]} Nh5 {[%clk 1:30:42]} 11. Bg5 {[%clk 1:19:39]}
f6 {[%clk 1:31:01]} 12. Bh4 {[%clk 1:19:31]} g5 {[%clk 1:21:23]} 13. Bg3 {[%clk
1:18:48]} g4 {[%clk 1:21:02]} 14. Ng1 {[%clk 1:10:57]} Nxg3 {[%clk 1:13:01]} 15.
hxg3 {[%clk 1:10:23]} f5 {[%clk 1:12:25]} 16. Bd3 {[%clk 1:09:43]} Rc8 {[%clk
0:57:40]} 17. Nge2 {[%clk 1:03:31]} Bd6 {[%clk 0:57:27]} 18. Nf4 {[%clk 0:55:04]}
Bxf4 {[%clk 0:45:56]} 19. gxf4 {[%clk 0:54:26]} h5 {[%clk 0:45:45]} 20. f3 {[%clk
0:51:10]} Qf6 {[%clk 0:43:27]} 21. Qd2 {[%clk 0:47:01]} Nc4 {[%clk 0:39:08]} 22.
Bxc4 {[%clk 0:45:07]} Rxc4 {[%clk 0:39:23]} 23. O-O-O {[%clk 0:44:43]} Rc7 {[%clk
0:34:08]} 24. Kb1 {[%clk 0:44:01]} Bc6 {[%clk 0:30:27]} 25. Ka1 {[%clk 0:40:13]}
gxf3 {[%clk 0:25:03]} 26. gxf3 {[%clk 0:39:03]} h4 {[%clk 0:25:05]} 27. e4 {[%clk
0:36:03]} Kd8 {[%clk 0:23:33]} 28. exd5 {[%clk 0:34:32]} exd5 {[%clk 0:23:41]}
29. Rh3 {[%clk 0:34:31]} Kc8 {[%clk 0:21:42]} 30. Rdh1 {[%clk 0:34:12]} Kb8
{[%clk 0:20:54]} 31. Qf2 {[%clk 0:32:57]} Rch7 {[%clk 0:20:48]} 32. a3 {[%clk
0:32:28]} a6 {[%clk 0:21:03]} 33. R1h2 {[%clk 0:30:05]} Ka8 {[%clk 0:20:18]} 34.
Rh1 {[%clk 0:29:36]} Ka7 {[%clk 0:20:06]} 35. Kb1 {[%clk 0:25:19]} Ka8 {[%clk
0:19:59]} 36. Ka1 {[%clk 0:25:37]} Ka7 {[%clk 0:20:22]} 1/2-1/2